| 000 | 00336nam a22001217a 4500 | ||
|---|---|---|---|
| 999 |
_c4898 _d4898 |
||
| 008 | 250422b ||||| |||| 00| 0 eng d | ||
| 020 | _a9781909958265 | ||
| 082 | _a823.92 MON | ||
| 100 |
_aMONTANARI,EVA _eAUTHOR |
||
| 245 | _aA WOLF'S TALE | ||
| 260 |
_aALBURY COURT,ALBURY,THAME,OX9 2LP,UNITED KINGDOM _bALBURY BOOKS _c2017 |
||
| 942 | _2ddc | ||